|
|
|
|
| LEADER |
00000cam a2200000 7i4500 |
| 001 |
0000006481 |
| 002 |
000006993 |
| 005 |
20000330.0 |
| 020 |
|
|
|a 0895295954
|
| 090 |
0 |
0 |
|a 649.68
|b DOM
|
| 100 |
1 |
|
|a Doman, Glenn J
|
| 245 |
1 |
0 |
|a How to teach your baby math :
|b more gentle revolution
|c Glenn Doman and Janet Doman
|
| 260 |
|
|
|a New York :
|b Avery Publishing ,
|c 1994
|
| 300 |
|
|
|a 233p. ;
|c 21cm.
|
| 650 |
0 |
0 |
|a Mathematics
|x Study and teaching (Preschool)
|
| 700 |
1 |
|
|a Doman, Janet
|
| 999 |
|
|
|a 040253
|b BUKU
|c PINJAMAN
|e PERPUSTAKAAN KOMUNITI PETALING JAYA
|
| 999 |
|
|
|a 040254
|b BUKU
|c PINJAMAN
|e PERPUSTAKAAN KOMUNITI PETALING JAYA
|